000 01426nam a2200409 i 4500
001 52267
003 KOSZ 005
005 20191220092335.0
008 061106s2003 pl f f |000 0 pol d
020 _a8385428135
040 _cKOSZ 005
_aKOSZ 005
_dKOSZ 005/HR
041 0 _apol
080 _a336:51
080 _a(07)
100 1 _aSobczyk, Mieczysław
_d(1945- )
_eAutor
245 1 0 _aMatematyka finansowa :
_bpodstawy teoretyczne, przykłady, zadania /
_cMieczysław Sobczyk.
250 _aWyd. 5 popr.
260 _aWarszawa :
_b"Placet",
_c2003.
300 _a358 s. ;
_c24 cm.
336 _2rdacontent
_aTekst
_btxt
337 _2rdamedia
_aBez urządzenia pośredniczącego
_bn
338 _2rdacarrier
_aWolumin
_bnc
380 _aKsiążki
380 _aPublikacje dydaktyczne
388 _a1901-2000
388 _a1989-2000
490 1 _aBiblioteka Biznesmena
500 _aU dołu okł. : Wartość pieniądza w czasie, kredyty, odsetki, projekty inwestycyjne, papiery wartościowe : 155 rozwiązanych przykładów, 240 zadań do rozwiązania.
504 _aBibliogr.
658 _aGospodarka, ekonomia, finanse
658 _aMatematyka
655 _aPodręcznik
650 9 _aMatematyka finansowa
830 0 _aBiblioteka Biznesmena
856 _uhttp://koha.tu.koszalin.pl/cgi-bin/koha/opac-detail.pl?biblionumber=52267
_yKatalog online BPK
942 _cKS
_2UKD
999 _c52267
_d52267